THE THYRISTOR AND ITS APPLICATIONS (Record no. 584439)
[ view plain ]
| 000 -LEADER | |
|---|---|
| fixed length control field | 00275nam a22001097a 4500 |
| 082 ## - DEWEY DECIMAL CLASSIFICATION NUMBER | |
| Classification number | 621.3815287 GRI'T |
| 100 ## - MAIN ENTRY--PERSONAL NAME | |
| Personal name | GRIFFIN, A,RAMSHAW, R. S |
| 9 (RLIN) | 79395 |
| 245 ## - TITLE STATEMENT | |
| Title | THE THYRISTOR AND ITS APPLICATIONS |
| 260 ## - PUBLICATION, DISTRIBUTION, ETC. | |
| Place of publication, distribution, etc. | LONDON |
| Name of publisher, distributor, etc. | CHAPMAN & HALL |
| Date of publication, distribution, etc. | 1965 |
| 300 ## - PHYSICAL DESCRIPTION | |
| Extent | 175P |
| 942 ## - ADDED ENTRY ELEMENTS (KOHA) | |
| Koha item type | Book |
| Withdrawn status | Lost status | Damaged status | Not for loan | Permanent Location | Current Location | Shelving location | Date acquired | Total Checkouts | Full call number | Barcode | Date last seen | Price effective from | Koha item type |
|---|---|---|---|---|---|---|---|---|---|---|---|---|---|
| College of Electrical & Mechanical Engineering (CEME) | College of Electrical & Mechanical Engineering (CEME) | General Stacks | 07/04/2017 | 621.3815287 GRI'T | CEME-6797 | 06/28/2021 | 06/28/2021 | Book |
